000 00442nam a2200205Ia 4500
001 12722
003 GE_BSU
008 181216s||||||||xx |||||||||||||| ||und||
020 _a9780446505840
040 _cGE_BSU
080 _a821.111-32
100 _aRowen,Michelle
245 _aStakes & Stilettos
260 _aNew York
260 _bForever
260 _c2009
300 _a372p.18cm.
653 _aStakes & Stilettos
942 _cBK
999 _c45893
_d45893